000 00774nam a22002417a 4500
003 UA-OsUOA
001 127137
007 ta
008 20171120b un ||||| |||| 00| 0 ukr d
100 _aМоцний А.
090 _a821.161.2(092)
_bМ86
942 _cBK
040 _aUA-OsUOA
_bukr
_cUA-OsUOA
_dUA-OsUOA
245 _aСтрашна правда голодомору. Спогади про голодомор 1932 - 1933 років
_bхудожньо-автобіографічна повість
300 _a176 с.
955 _a3
041 _aukr
080 _a821.161.2(092)
020 _a966-95640-3-4
260 _aЛьвів
_bМ. Коць
_c2000
650 7 _a82 Література. Літературознавство
_2UDC
999 _c412979
_d412979